=LDR 00000nam 2200000 4500 =001 INLIS000000000810412 =005 20251208090407 =035 ##$$a 0010-1225000050 =007 ta =008 251208###########################0###### =082 ##$$a 297.246 =084 ##$$a R 297.246AND m =245 ##$$a Mendulang Mutiara Faedah dari Kisah Para Nabi dan Rasul /$c Dr. Firanda Andirja, Lc. M.A. =250 ##$$a Cet. 1 =260 ##$:$b Ustadz Firanda Andirja Office =300 ##$$a 717 Halaman ; $c 17,5 cm x 25 cm